Statistics for Popular Movies by Poster II

Click here to take the quiz!

General Stats

  • This quiz has been taken 1,010 times
  • The average score is 12 of 16

Answer Stats

Answer% Correct
Jurassic Park
98%
Up
98%
The Godfather
95%
E.T. The Extra-Terrestrial
94%
The Matrix
94%
John Wick
90%
Pulp Fiction
86%
Pirates of the Caribbean: The Curse of the Black Pearl
83%
Interstellar
80%
The Green Mile
71%
The Notebook
71%
The Revenant
64%
Schindler's List
60%
American Beauty
59%
The Usual Suspects
52%
The Patriot
32%

Score Distribution

Percentile by Number Answered

Percent of People with Each Score

Your Score History

You have not taken this quiz